|
|
|
|
| LEADER |
02472nam a22003733i 4500 |
| 001 |
EBC7018191 |
| 003 |
MiAaPQ |
| 005 |
20231204023226.0 |
| 006 |
m o d | |
| 007 |
cr cnu|||||||| |
| 008 |
231204s2022 xx o ||||0 eng d |
| 020 |
|
|
|a 9780472902873
|q (electronic bk.)
|
| 020 |
|
|
|z 9780472075447
|
| 035 |
|
|
|a (MiAaPQ)EBC7018191
|
| 035 |
|
|
|a (Au-PeEL)EBL7018191
|
| 035 |
|
|
|a (OCoLC)1308511431
|
| 040 |
|
|
|a MiAaPQ
|b eng
|e rda
|e pn
|c MiAaPQ
|d MiAaPQ
|
| 082 |
0 |
|
|a 338.972
|
| 100 |
1 |
|
|a Palmer-Rubin, Brian.
|
| 245 |
1 |
0 |
|a Evading the Patronage Trap :
|b Interest Representation in Mexico.
|
| 250 |
|
|
|a 1st ed.
|
| 264 |
|
1 |
|a Ann Arbor :
|b University of Michigan Press,
|c 2022.
|
| 264 |
|
4 |
|c Ã2022.
|
| 300 |
|
|
|a 1 online resource (343 pages)
|
| 336 |
|
|
|a text
|b txt
|2 rdacontent
|
| 337 |
|
|
|a computer
|b c
|2 rdamedia
|
| 338 |
|
|
|a online resource
|b cr
|2 rdacarrier
|
| 505 |
0 |
|
|a Intro -- Contents -- Abbreviations -- Figures and Tables -- Acknowledgements -- Introduction: Interest Organizations and Unequal Development in Latin America -- Part 1: Situating the Analysis -- 1. Analytical Approach to Organizations and Policy Representation -- 2. Structures of Sectoral Representation in Mexico's Transition -- Part 2: Demand Formation in Organizations -- 3. Organizational Capacity -- 4. Demand-Making for the Lower Classes: Peasant Organizations -- 5. Demand-Making for the Middle Classes: Small-Business Organizations -- Part 3: Incorporation Strategies for Ruling Parties -- 6. The PRD and Party Incorporation of Peasant Organizations -- 7. The PAN and Party Incorporation of Small-Business Organizations -- Conclusion: Can Organizations Confront Latin American Oligarchy? -- Appendices -- Appendix A: Mexican Organizational Survey -- Appendix B: Career Trajectories for Mexican Governors -- Appendix C: Analysis of Small- Business Subsidies -- Bibliography -- Index.
|
| 588 |
|
|
|a Description based on publisher supplied metadata and other sources.
|
| 590 |
|
|
|a Electronic reproduction. Ann Arbor, Michigan : ProQuest Ebook Central, 2023. Available via World Wide Web. Access may be limited to ProQuest Ebook Central affiliated libraries.
|
| 655 |
|
4 |
|a Electronic books.
|
| 776 |
0 |
8 |
|i Print version:
|a Palmer-Rubin, Brian
|t Evading the Patronage Trap
|d Ann Arbor : University of Michigan Press,c2022
|z 9780472075447
|
| 797 |
2 |
|
|a ProQuest (Firm)
|
| 856 |
4 |
0 |
|u https://ebookcentral.proquest.com/lib/matrademy/detail.action?docID=7018191
|z Click to View
|